Understanding mathematical proof

Αποθηκεύτηκε σε:
Λεπτομέρειες βιβλιογραφικής εγγραφής
Κύριος συγγραφέας: Taylor, John 1957- (Συγγραφέας)
Μορφή: Βιβλίο
Γλώσσα:English
Δημοσίευση: New York : CRC Press, c2014.
Θέματα:
Ετικέτες: Προσθήκη ετικέτας
Δεν υπάρχουν, Καταχωρήστε ετικέτα πρώτοι!

MARC

LEADER 00000nam a2200000 a 4500
001 1/107516
008 150717t2014####nyu| ||| |||| ||eng||
020 |a 9781466514904  |q (χαρτόδετο)  
040 |a GR-MyUa  |b gre  |c GR-MyUa  |e AACR2 
041 0 |a eng 
082 7 |a 514.7   |2 (23)  
100 1 |a Taylor, John  |d 1957-  |e aut 
245 1 0 |a Understanding mathematical proof /   |c John Taylor, Rowan Garnier.  
260 |a New York :   |b CRC Press,   |c c2014.  
300 |a 394 σ. :   |b διαγρ. ;   |c 23 εκ.  
504 |a Περιλαμβάνει βιβλιογραφία και ευρετήριο.  
650 0 |a Mappings (Mathematics) 
650 0 |a Mappings (Mathematics)  |x Data processing. 
650 0 |a Error analysis (Mathematics) 
852 |a INST  |b CHIOS  |e 20150717  |h 514.7 TAY  |p 005200037416  |q 005200037416  |t BK  |y 0 
922 |a 2ΕΛΗ  |b 2015-04  |c ΤΑΚ/ΤΜΟΔ  |d ΔΡΕΣ 
970 |a Πουλάκη  |b Στέλλα  |z 17-07-2015